Départements Français en 1811 - Carte - Statistiques

Statistiques générales
  • Ce quiz a été pris 278 fois
  • Le résultat moyen est 82 sur 141
Réponses sur la Carte
Les réponses sont colorées sur une échelle allant du rouge au vert en fonction du pourcentage des utilisateurs qui les ont devinées à leur premier essai. Vous pouvez retrouver ces pourcentages ci-dessous.
 
Statistiques - réponses
Département
% Correct
Corse
91%
Bas-Rhin
90%
Haut Rhin
90%
Seine
88%
Bouches-du-Rhône
87%
Nord
87%
Ain
86%
Loire
86%
Marne
86%
Aisne
85%
Finistère
85%
Moselle
85%
Pas-de-Calais
85%
Gironde
84%
Charente
83%
Haute-Marne
83%
Meurthe
83%
Oise
83%
Var
83%
Côte-d'Or
82%
Doubs
82%
Landes
82%
Seine-et-Marne
82%
Somme
82%
Vosges
82%
Ardennes
81%
Aube
81%
Hautes-Alpes
81%
Meuse
81%
Morbihan
81%
Rhône
81%
Alpes-Maritimes
80%
Aude
80%
Aveyron
80%
Calvados
80%
Eure
80%
Gard
80%
Ille-et-Vilaine
80%
Loiret
80%
Tarn
80%
Cher
79%
Indre
79%
Manche
79%
Mayenne
79%
Tarn-et-Garonne
79%
Vaucluse
79%
Vendée
79%
Hérault
78%
Indre-et-Loire
78%
Jura
78%
Loir-et-Cher
78%
Ardèche
77%
Creuse
77%
Haute Garonne
77%
Isère
77%
Lot
77%
Nièvre
77%
Puy-de-Dôme
77%
Yonne
77%
Allier
76%
Cantal
76%
Deux-Sèvres
76%
Drôme
76%
Gers
76%
Lot-et-Garonne
76%
Orne
76%
Sarthe
76%
Dordogne
75%
Eure-et-Loir
75%
Haute-Saône
75%
Hautes Pyrénées
75%
Vienne
75%
Ariège
74%
Corrèze
74%
Haute-Vienne
74%
Lozère
74%
Saône-et-Loire
73%
Maine-et-Loire
72%
Haute-Loire
71%
Pyrénées-Orientales
71%
Rome
65%
Seine-Inférieure
63%
Charente Inférieure
59%
Seine-et-Oise
58%
Loire-Inférieure
57%
Basses-Alpes
54%
Basses Pyrénées
53%
Côtes-du Nord
50%
Gênes
50%
47%
Mont-Blanc
44%
Dalmatie
43%
Bouches-du-Rhin
39%
Forêts
38%
Frise
38%
Léman
38%
Sarre
37%
Escaut
35%
Bouches-de-L'Elbe
33%
Istrie
33%
Rhin-et-Moselle
33%
Sambre-et-Meuse
33%
Lys
32%
Bouches-de-la-Meuse
31%
Bouches-de-l’Èbre
29%
Bouches-de-l'Escaut
29%
Jemmapes
25%
Ter
25%
Méditerranée
24%
Arno
23%
Ems Occidental
23%
Ems Oriental
23%
Zuyderzée
23%
Bouches-de-l'Yssel
22%
Deux Nèthes
22%
Ems Supérieur
22%
Meuse Inférieure
22%
Mont-Tonnere
22%
Ourthe
22%
Croatie-civile
21%
Croatie-militaire
21%
Marengo
21%
Bouches-du-Weser
20%
Dyle
20%
Montserrat
19%
Raguse
19%
Roer
19%
Simplon
19%
Carinthie
18%
Doire
18%
Lippe
18%
Ombrone
18%
Sègre
18%
Taro
18%
Yssel Supérieur
18%
Apennins
17%
Montenotte
17%
Trasimène
16%
Carniole
15%
Sésia
14%
Stura
14%
Aucun quiz correspondant
Distribution des résultats
% des personnes avec chaque résultat
Percentile par nombre de réponses
Votre historique - résultats
Vous n’avez pas pris ce quiz